[Event "Team men PL final"]
[Site "Sochi"]
[Date "2018.05.09"]
[Round "8.24"]
[White "Popov, Ivan"]
[Black "Faizrakhmanov, Ramil"]
[Result "1-0"]
[BlackElo "2419"]
[WhiteElo "2610"]
[LiveChessVersion "1.4.8"]

1. e4 {[%clk 1:30:57]} e5 {[%clk 1:30:47]} 2. Nf3 {[%clk 1:31:20]} Nc6
{[%clk 1:31:06]} 3. Bc4 {[%clk 1:31:42]} Bc5 {[%clk 1:31:18]} 4. c3
{[%clk 1:32:03]} Nf6 {[%clk 1:31:25]} 5. d4 {[%clk 1:32:25]} exd4
{[%clk 1:31:16]} 6. e5 {[%clk 1:32:49]} d5 {[%clk 1:31:09]} 7. Bb5
{[%clk 1:33:12]} Ne4 {[%clk 1:31:07]} 8. cxd4 {[%clk 1:33:33]} Bb6
{[%clk 1:31:24]} 9. Nc3 {[%clk 1:33:55]} O-O {[%clk 1:30:19]} 10. Be3
{[%clk 1:34:06]} Bg4 {[%clk 1:29:48]} 11. h3 {[%clk 1:34:13]} Bh5
{[%clk 1:29:44]} 12. Qc2 {[%clk 1:34:28]} Bg6 {[%clk 1:28:49]} 13. Qb3
{[%clk 1:34:45]} Ne7 {[%clk 1:28:36]} 14. O-O {[%clk 1:35:00]} c6
{[%clk 1:24:35]} 15. Bd3 {[%clk 1:34:20]} Nd2 {[%clk 1:22:45]} 16. Nxd2
{[%clk 1:34:22]} Bxd3 {[%clk 1:23:08]} 17. Rfe1 {[%clk 1:34:44]} Bg6
{[%clk 1:21:50]} 18. Na4 {[%clk 1:33:29]} Nf5 {[%clk 1:20:24]} 19. Nf3
{[%clk 1:31:18]} Nxe3 {[%clk 1:06:39]} 20. Rxe3 {[%clk 1:25:05]} Be4
{[%clk 1:06:17]} 21. Nxb6 {[%clk 1:08:50]} axb6 {[%clk 1:01:26]} 22. Nd2
{[%clk 1:08:09]} Bg6 {[%clk 1:00:45]} 23. Qb4 {[%clk 1:01:51]} b5
{[%clk 0:58:23]} 24. a4 {[%clk 0:59:41]} Qa5 {[%clk 0:57:03]} 25. Qxa5
{[%clk 0:59:02]} Rxa5 {[%clk 0:57:27]} 26. Rea3 {[%clk 0:58:28]} Bc2
{[%clk 0:54:39]} 27. axb5 {[%clk 0:44:38]} Rxb5 {[%clk 0:55:03]} 28. R1a2
{[%clk 0:44:30]} f6 {[%clk 0:46:16]} 29. Rc3 {[%clk 0:39:02]} Bg6
{[%clk 0:42:59]} 30. Rb3 {[%clk 0:28:58]} fxe5 {[%clk 0:40:21]} 31. Rxb5
{[%clk 0:27:54]} cxb5 {[%clk 0:40:43]} 32. dxe5 {[%clk 0:28:15]} Rc8
{[%clk 0:36:57]} 33. Nf3 {[%clk 0:23:18]} Rc4 {[%clk 0:21:54]} 34. b3
{[%clk 0:13:14]} Rb4 {[%clk 0:21:04]} 35. Rd2 {[%clk 0:08:08]} Rxb3
{[%clk 0:18:00]} 36. Rxd5 {[%clk 0:08:36]} Kf8 {[%clk 0:14:17]} 37. Rd8+
{[%clk 0:06:12]} Be8 {[%clk 0:11:09]} 38. Rb8 {[%clk 0:06:03]} Rd3
{[%clk 0:08:12]} 39. Ng5 {[%clk 0:03:59]} h6 {[%clk 0:04:25]} 40. Ne4
{[%clk 0:32:58]} Ke7 {[%clk 0:31:46]} 41. Rxb7+ {[%clk 0:31:15]} Rd7
{[%clk 0:30:54]} 42. Rb6 {[%clk 0:31:10]} Rd4 {[%clk 0:27:58]} 43. Nc5
{[%clk 0:21:23]} Rd5 {[%clk 0:24:33]} 44. Rb7+ {[%clk 0:16:51]} Kd8
{[%clk 0:24:57]} 45. Na6 {[%clk 0:13:24]} Rxe5 {[%clk 0:24:23]} 46. Rxg7
{[%clk 0:13:50]} Re6 {[%clk 0:17:28]} 47. Nb4 {[%clk 0:10:33]} Re4
{[%clk 0:16:59]} 48. Nd3 {[%clk 0:10:58]} Bc6 {[%clk 0:13:26]} 49. f3
{[%clk 0:08:12]} Rd4 {[%clk 0:13:23]} 50. Ne5 {[%clk 0:07:03]} Bd5
{[%clk 0:13:09]} 51. Kf2 {[%clk 0:05:38]} b4 {[%clk 0:12:40]} 52. Ke3
{[%clk 0:05:38]} Rd1 {[%clk 0:10:45]} 53. Ke2 {[%clk 0:03:35]} Rd4
{[%clk 0:10:59]} 54. Ke3 {[%clk 0:02:49]} Rd1 {[%clk 0:11:17]} 55. Nd3
{[%clk 0:02:37]} b3 {[%clk 0:11:02]} 56. Rh7 {[%clk 0:02:50]} Re1+
{[%clk 0:09:04]} 57. Kd4 {[%clk 0:02:30]} Rd1 {[%clk 0:07:04]} 58. Kc3
{[%clk 0:02:41]} b2 {[%clk 0:07:16]} 59. Nxb2 {[%clk 0:02:46]} Rg1
{[%clk 0:07:40]} 60. Rxh6 {[%clk 0:02:53]} Ke7 {[%clk 0:07:54]} 61. Rh5
{[%clk 0:02:21]} Be6 {[%clk 0:06:14]} 62. Rh7+ {[%clk 0:01:54]} Kf8
{[%clk 0:05:11]} 63. Rh6 {[%clk 0:02:06]} Bd7 {[%clk 0:04:27]} 64. Rd6
{[%clk 0:02:16]} Bb5 {[%clk 0:04:00]} 65. Rd2 {[%clk 0:02:31]} Bf1
{[%clk 0:04:23]} 66. Rd1 {[%clk 0:02:52]} 1-0

[Event "Team men PL final"]
[Site "Sochi"]
[Date "2018.05.09"]
[Round "8.25"]
[White "Shinkevich, Vitaly"]
[Black "Tomashevsky, Evgeny"]
[Result "0-1"]
[BlackElo "2714"]
[WhiteElo "2433"]
[LiveChessVersion "1.4.8"]

1. c4 {[%clk 1:30:57]} Nf6 {[%clk 1:30:51]} 2. Nc3 {[%clk 1:31:18]} e5
{[%clk 1:30:54]} 3. Nf3 {[%clk 1:31:28]} Nc6 {[%clk 1:31:15]} 4. d3
{[%clk 1:31:49]} d5 {[%clk 1:30:52]} 5. cxd5 {[%clk 1:32:13]} Nxd5
{[%clk 1:31:18]} 6. e4 {[%clk 1:32:38]} Nf6 {[%clk 1:30:57]} 7. Be2
{[%clk 1:31:56]} Bc5 {[%clk 1:30:11]} 8. O-O {[%clk 1:32:18]} O-O
{[%clk 1:30:35]} 9. h3 {[%clk 1:28:40]} Re8 {[%clk 1:25:45]} 10. Be3
{[%clk 1:27:19]} Nd4 {[%clk 1:22:09]} 11. Rc1 {[%clk 1:26:39]} c6
{[%clk 1:17:26]} 12. Na4 {[%clk 1:06:45]} Nxf3+ {[%clk 1:07:17]} 13. Bxf3
{[%clk 1:07:08]} Bd4 {[%clk 1:07:43]} 14. Qd2 {[%clk 1:06:17]} Qd6
{[%clk 1:00:09]} 15. b4 {[%clk 0:59:42]} h6 {[%clk 0:53:58]} 16. Bxd4
{[%clk 0:49:49]} Qxd4 {[%clk 0:54:07]} 17. Nc5 {[%clk 0:49:28]} Re7
{[%clk 0:51:45]} 18. Qc3 {[%clk 0:38:39]} Qxc3 {[%clk 0:45:00]} 19. Rxc3
{[%clk 0:39:06]} b6 {[%clk 0:42:25]} 20. Nb3 {[%clk 0:38:29]} Ba6
{[%clk 0:42:33]} 21. Rd1 {[%clk 0:28:56]} Bb5 {[%clk 0:36:10]} 22. d4
{[%clk 0:27:04]} Rae8 {[%clk 0:36:26]} 23. dxe5 {[%clk 0:25:25]} Rxe5
{[%clk 0:36:50]} 24. Nd4 {[%clk 0:25:36]} Ba4 {[%clk 0:28:55]} 25. Rdc1
{[%clk 0:22:46]} c5 {[%clk 0:27:12]} 26. bxc5 {[%clk 0:21:39]} Nxe4
{[%clk 0:27:36]} 27. Bxe4 {[%clk 0:16:38]} Rxe4 {[%clk 0:27:50]} 28. Nb3
{[%clk 0:15:46]} Kf8 {[%clk 0:16:16]} 29. Rc4 {[%clk 0:08:23]} Bd7
{[%clk 0:14:53]} 30. f3 {[%clk 0:06:02]} Rxc4 {[%clk 0:13:34]} 31. Rxc4
{[%clk 0:06:30]} Rc8 {[%clk 0:11:13]} 32. Rd4 {[%clk 0:06:16]} Ke7
{[%clk 0:11:38]} 33. cxb6 {[%clk 0:06:18]} axb6 {[%clk 0:12:04]} 34. Rb4
{[%clk 0:04:25]} b5 {[%clk 0:11:47]} 35. Re4+ {[%clk 0:02:46]} Kd8
{[%clk 0:08:48]} 36. Kf2 {[%clk 0:02:44]} Ra8 {[%clk 0:05:08]} 37. Re2
{[%clk 0:03:09]} Kc7 {[%clk 0:04:32]} 38. Kg3 {[%clk 0:02:31]} Be6
{[%clk 0:04:25]} 39. Nd4 {[%clk 0:02:30]} Bc4 {[%clk 0:04:39]} 40. Nxb5+
{[%clk 0:31:17]} Kb6 {[%clk 0:32:36]} 41. Nc3 {[%clk 0:28:07]} Bxe2
{[%clk 0:32:53]} 42. Nxe2 {[%clk 0:28:33]} Rxa2 {[%clk 0:30:18]} 43. Nf4
{[%clk 0:28:57]} Kc5 {[%clk 0:27:40]} 44. h4 {[%clk 0:28:46]} Kd4
{[%clk 0:24:43]} 45. Nh3 {[%clk 0:27:48]} Ke3 {[%clk 0:21:36]} 46. Nf4
{[%clk 0:28:02]} Ra5 {[%clk 0:21:16]} 47. Nh3 {[%clk 0:28:11]} Ke2
{[%clk 0:15:38]} 48. Kh2 {[%clk 0:19:27]} Kf1 {[%clk 0:14:58]} 49. Nf4
{[%clk 0:18:40]} Ra4 {[%clk 0:15:00]} 50. Kg3 {[%clk 0:18:23]} Rxf4
{[%clk 0:13:34]} 0-1

[Event "Team men PL final"]
[Site "Sochi"]
[Date "2018.05.09"]
[Round "8.26"]
[White "Malakhov, Vladimir"]
[Black "Palachev, Petr"]
[Result "1-0"]
[BlackElo "2402"]
[WhiteElo "2691"]
[LiveChessVersion "1.4.8"]

1. e4 {[%clk 1:30:43]} e6 {[%clk 1:30:52]} 2. d4 {[%clk 1:31:06]} d5
{[%clk 1:31:17]} 3. Nd2 {[%clk 1:31:28]} Be7 {[%clk 1:31:40]} 4. e5
{[%clk 1:31:04]} c5 {[%clk 1:31:55]} 5. c3 {[%clk 1:31:28]} Nc6 {[%clk 1:31:25]}
6. Bd3 {[%clk 1:31:41]} Bd7 {[%clk 1:31:21]} 7. Ne2 {[%clk 1:30:21]} f6
{[%clk 1:30:59]} 8. exf6 {[%clk 1:28:31]} Nxf6 {[%clk 1:31:21]} 9. Nf3
{[%clk 1:26:18]} O-O {[%clk 1:30:27]} 10. O-O {[%clk 1:26:19]} cxd4
{[%clk 1:22:42]} 11. Nexd4 {[%clk 1:24:54]} Nxd4 {[%clk 1:16:31]} 12. cxd4
{[%clk 1:24:15]} Qb6 {[%clk 1:16:29]} 13. Qe2 {[%clk 1:18:33]} a6
{[%clk 1:13:13]} 14. a4 {[%clk 1:09:09]} Bb4 {[%clk 1:01:35]} 15. Bd2
{[%clk 0:57:37]} a5 {[%clk 0:49:47]} 16. Rfe1 {[%clk 0:51:37]} Kh8
{[%clk 0:47:18]} 17. Bxb4 {[%clk 0:42:48]} Qxb4 {[%clk 0:46:04]} 18. h3
{[%clk 0:37:42]} Rac8 {[%clk 0:29:06]} 19. Qd2 {[%clk 0:37:14]} Qxd2
{[%clk 0:23:03]} 20. Nxd2 {[%clk 0:35:31]} g6 {[%clk 0:04:37]} 21. Nb3
{[%clk 0:29:52]} b6 {[%clk 0:05:00]} 22. Nd2 {[%clk 0:30:19]} Kg7
{[%clk 0:03:20]} 23. Nf3 {[%clk 0:30:32]} Kf7 {[%clk 0:02:24]} 24. Ra3
{[%clk 0:21:36]} Ke7 {[%clk 0:02:21]} 25. Ne5 {[%clk 0:21:35]} Kd6
{[%clk 0:02:26]} 26. f3 {[%clk 0:21:19]} Rc7 {[%clk 0:02:12]} 27. Kf2
{[%clk 0:17:40]} Rb8 {[%clk 0:02:38]} 28. Rb1 {[%clk 0:13:03]} Be8
{[%clk 0:02:53]} 29. b4 {[%clk 0:10:58]} axb4 {[%clk 0:03:06]} 30. Rxb4
{[%clk 0:11:14]} Nd7 {[%clk 0:02:25]} 31. Nxd7 {[%clk 0:05:16]} Bxd7
{[%clk 0:02:51]} 32. Ke3 {[%clk 0:05:41]} Ra7 {[%clk 0:01:11]} 33. h4
{[%clk 0:04:58]} Ke7 {[%clk 0:01:10]} 34. g4 {[%clk 0:04:23]} Rba8
{[%clk 0:01:00]} 35. Rxb6 {[%clk 0:02:21]} Rxa4 {[%clk 0:01:26]} 36. Rab3
{[%clk 0:02:46]} Ra3 {[%clk 0:00:43]} 37. g5 {[%clk 0:02:49]} Rxb3
{[%clk 0:01:07]} 38. Rxb3 {[%clk 0:03:18]} Rg8 {[%clk 0:00:34]} 39. Rb6
{[%clk 0:01:11]} Rg7 {[%clk 0:00:35]} 40. Rb8 {[%clk 0:31:02]} Be8
{[%clk 0:30:38]} 41. Bb5 {[%clk 0:21:11]} Bxb5 {[%clk 0:19:52]} 42. Rxb5
{[%clk 0:21:38]} Rg8 {[%clk 0:12:28]} 43. Rb7+ {[%clk 0:20:39]} Kd6
{[%clk 0:12:53]} 44. Rxh7 {[%clk 0:20:53]} Rf8 {[%clk 0:12:28]} 45. Rg7
{[%clk 0:20:43]} 1-0

[Event "Team men PL final"]
[Site "Sochi"]
[Date "2018.05.09"]
[Round "8.27"]
[White "Skatchkov, Valery"]
[Black "Riazantsev, Alexander"]
[Result "0-1"]
[BlackElo "2662"]
[WhiteElo "2338"]
[LiveChessVersion "1.4.8"]

1. d4 {[%clk 1:30:59]} Nf6 {[%clk 1:30:54]} 2. c4 {[%clk 1:31:24]} e6
{[%clk 1:31:18]} 3. Nf3 {[%clk 1:31:50]} a6 {[%clk 1:31:45]} 4. Nc3
{[%clk 1:23:50]} d5 {[%clk 1:32:08]} 5. cxd5 {[%clk 1:23:54]} exd5
{[%clk 1:32:32]} 6. Bg5 {[%clk 1:24:20]} Be6 {[%clk 1:31:34]} 7. g3
{[%clk 1:15:15]} Nbd7 {[%clk 1:28:01]} 8. Bg2 {[%clk 1:15:03]} Be7
{[%clk 1:25:19]} 9. O-O {[%clk 1:15:17]} c6 {[%clk 1:21:46]} 10. Qc2
{[%clk 1:12:03]} O-O {[%clk 1:20:38]} 11. Rad1 {[%clk 1:11:55]} Re8
{[%clk 1:17:32]} 12. Ne5 {[%clk 1:03:26]} Nxe5 {[%clk 0:53:04]} 13. dxe5
{[%clk 1:00:57]} Ng4 {[%clk 0:53:30]} 14. Bxe7 {[%clk 0:49:21]} Qxe7
{[%clk 0:48:16]} 15. e4 {[%clk 0:49:28]} dxe4 {[%clk 0:48:40]} 16. Qxe4
{[%clk 0:48:46]} Qc5 {[%clk 0:48:52]} 17. Rde1 {[%clk 0:40:59]} Rad8
{[%clk 0:40:14]} 18. Na4 {[%clk 0:23:11]} Qa5 {[%clk 0:39:27]} 19. Nc3
{[%clk 0:22:12]} Bc8 {[%clk 0:33:01]} 20. b4 {[%clk 0:17:42]} Qa3
{[%clk 0:28:24]} 21. Nb1 {[%clk 0:06:49]} Qxa2 {[%clk 0:23:42]} 22. Re2
{[%clk 0:06:24]} Qa1 {[%clk 0:22:18]} 23. Qc2 {[%clk 0:02:03]} Rxe5
{[%clk 0:18:27]} 24. Rd2 {[%clk 0:02:27]} Rde8 {[%clk 0:17:49]} 25. Nc3
{[%clk 0:02:26]} Re1 {[%clk 0:17:17]} 26. Ne4 {[%clk 0:00:48]} Rxf1+
{[%clk 0:13:57]} 27. Bxf1 {[%clk 0:01:09]} Bf5 {[%clk 0:12:49]} 28. h3 Bxe4
{[%clk 0:05:24]} 29. Qxe4 {[%clk 0:01:05]} Nf6 {[%clk 0:05:53]} 30. Qc4
{[%clk 0:00:59]} g6 {[%clk 0:05:38]} 31. Kg2 {[%clk 0:00:56]} Kg7
{[%clk 0:05:59]} 32. Bd3 {[%clk 0:01:22]} Re1 {[%clk 0:05:13]} 33. Bc2
{[%clk 0:00:39]} Nd5 {[%clk 0:03:56]} 34. Bb3 {[%clk 0:00:37]} Rg1+
{[%clk 0:02:09]} 35. Kh2 {[%clk 0:00:54]} Rb1 {[%clk 0:01:20]} 36. Qd3
{[%clk 0:00:38]} Nxb4 {[%clk 0:00:53]} 37. Qf3 {[%clk 0:00:34]} Qf6
{[%clk 0:01:12]} 38. Qe3 {[%clk 0:00:53]} Rb2 {[%clk 0:00:57]} 39. Bxf7
{[%clk 0:00:47]} Rxd2 {[%clk 0:01:10]} 40. Qxd2 {[%clk 0:31:14]} Kxf7
{[%clk 0:31:22]} 41. Qxb4 {[%clk 0:31:39]} Qxf2+ {[%clk 0:31:38]} 42. Kh1
{[%clk 0:32:07]} Qf3+ {[%clk 0:30:50]} 43. Kh2 {[%clk 0:30:54]} Qe2+
{[%clk 0:30:48]} 44. Kg1 {[%clk 0:31:18]} Qe7 {[%clk 0:29:57]} 45. Qf4+
{[%clk 0:31:29]} Ke6 {[%clk 0:30:20]} 46. Qe4+ {[%clk 0:31:37]} Kd7
{[%clk 0:30:33]} 47. Qd4+ {[%clk 0:32:04]} Kc7 {[%clk 0:30:38]} 48. Qf4+
{[%clk 0:32:30]} Kb6 {[%clk 0:30:55]} 0-1

[Event "Team men PL final"]
[Site "Sochi"]
[Date "2018.05.09"]
[Round "8.28"]
[White "Rublevsky, Sergei"]
[Black "Natacheev, Peter"]
[Result "1-0"]
[BlackElo "2243"]
[WhiteElo "2665"]
[LiveChessVersion "1.4.8"]

1. e4 {[%clk 1:30:58]} c5 {[%clk 1:30:46]} 2. Nf3 {[%clk 1:31:24]} Nc6
{[%clk 1:31:06]} 3. Nc3 {[%clk 1:31:48]} Nf6 {[%clk 1:30:52]} 4. Bb5
{[%clk 1:32:02]} Qc7 {[%clk 1:26:54]} 5. O-O {[%clk 1:31:16]} Nd4
{[%clk 1:25:34]} 6. Re1 {[%clk 1:30:15]} a6 {[%clk 1:22:15]} 7. Bc4
{[%clk 1:28:05]} b5 {[%clk 1:21:38]} 8. Nd5 {[%clk 1:26:37]} Nxd5
{[%clk 1:20:22]} 9. Bxd5 {[%clk 1:27:01]} Rb8 {[%clk 1:20:31]} 10. Nxd4
{[%clk 1:23:23]} cxd4 {[%clk 1:20:32]} 11. d3 {[%clk 1:14:17]} e6 12. Bb3 d6
{[%clk 1:18:56]} 13. f4 {[%clk 1:08:56]} Be7 {[%clk 1:18:46]} 14. f5
{[%clk 1:00:28]} exf5 {[%clk 1:08:16]} 15. Qh5 {[%clk 0:57:18]} O-O
{[%clk 1:04:45]} 16. exf5 {[%clk 0:55:59]} Bf6 {[%clk 1:03:46]} 17. Bg5
{[%clk 0:53:57]} Qd8 {[%clk 1:01:47]} 18. Bf4 {[%clk 0:52:27]} Qd7
{[%clk 0:59:48]} 19. Re6 {[%clk 0:47:21]} Rb6 {[%clk 0:28:08]} 20. Rae1
{[%clk 0:43:32]} Kh8 {[%clk 0:25:17]} 21. Rxf6 {[%clk 0:28:32]} gxf6
{[%clk 0:25:21]} 22. Bd5 {[%clk 0:26:50]} Re8 {[%clk 0:13:40]} 23. Rf1
{[%clk 0:25:51]} Bb7 {[%clk 0:09:42]} 24. Bxf7 {[%clk 0:22:26]} Re7
{[%clk 0:06:15]} 25. Be6 {[%clk 0:20:49]} Rxe6 {[%clk 0:01:06]} 26. fxe6
{[%clk 0:21:02]} Qxe6 {[%clk 0:01:35]} 27. Bg3 {[%clk 0:18:23]} Qd5
{[%clk 0:00:50]} 28. Qe8+ {[%clk 0:14:45]} Kg7 {[%clk 0:01:19]} 29. Qe7+
{[%clk 0:10:24]} Qf7 {[%clk 0:00:55]} 30. Qd8 {[%clk 0:10:41]} Rc6
{[%clk 0:01:19]} 31. Bh4 {[%clk 0:10:35]} d5 {[%clk 0:00:38]} 32. Bf2
{[%clk 0:05:49]} Rxc2 {[%clk 0:00:51]} 33. Bxd4 Rc6 34. h3 {[%clk 0:05:27]} h6
{[%clk 0:01:21]} 35. Rf3 {[%clk 0:04:51]} Rc1+ {[%clk 0:01:10]} 36. Kh2
{[%clk 0:04:22]} Rc6 {[%clk 0:01:29]} 37. b4 {[%clk 0:01:50]} Re6
{[%clk 0:01:25]} 38. Qb8 {[%clk 0:01:13]} Rc6 {[%clk 0:01:08]} 39. Qf4
{[%clk 0:01:25]} Bc8 {[%clk 0:01:29]} 40. Qh4 {[%clk 0:30:46]} Re6
{[%clk 0:31:03]} 41. Qg4+ {[%clk 0:23:58]} Qg6 {[%clk 0:26:49]} 42. Qf4
{[%clk 0:23:22]} Qf7 {[%clk 0:27:11]} 43. Be3 {[%clk 0:20:11]} f5
{[%clk 0:27:03]} 44. Qb8 {[%clk 0:17:36]} Re8 {[%clk 0:26:36]} 45. Rg3+
{[%clk 0:14:18]} Kh7 {[%clk 0:26:32]} 46. Bxh6 {[%clk 0:14:06]} Rg8
{[%clk 0:25:10]} 47. Bg5 {[%clk 0:13:54]} Be6 {[%clk 0:23:37]} 48. Qf4
{[%clk 0:13:44]} Qh5 {[%clk 0:23:37]} 49. d4 {[%clk 0:08:43]} Rg7
{[%clk 0:22:55]} 50. h4 {[%clk 0:08:32]} Qe8 {[%clk 0:23:07]} 51. Re3
{[%clk 0:08:16]} Qd7 52. Re5 Rg8 {[%clk 0:22:29]} 53. Qf3 {[%clk 0:07:13]} Qf7
{[%clk 0:22:49]} 54. Qa3 {[%clk 0:06:04]} Rg6 {[%clk 0:19:17]} 55. Qe3
{[%clk 0:03:50]} Qg8 {[%clk 0:18:33]} 56. Qe2 {[%clk 0:03:50]} Qf7
{[%clk 0:18:51]} 57. Bf4 {[%clk 0:03:34]} Qf6 {[%clk 0:16:50]} 58. Qh5+
{[%clk 0:03:19]} Kg8 {[%clk 0:16:50]} 59. Re3 {[%clk 0:03:16]} Qg7
{[%clk 0:16:56]} 60. g3 {[%clk 0:02:52]} Kf7 {[%clk 0:15:36]} 61. Rc3
{[%clk 0:02:46]} Bd7 {[%clk 0:15:48]} 62. Rc7 {[%clk 0:02:43]} Ke8
{[%clk 0:16:14]} 63. Qe2+ {[%clk 0:02:46]} Kd8 {[%clk 0:16:12]} 64. Ra7
{[%clk 0:02:12]} Rc6 {[%clk 0:14:57]} 65. Ra8+ Bc8 {[%clk 0:15:26]} 66. Bg5+
{[%clk 0:00:46]} Kc7 {[%clk 0:15:09]} 67. Qe8 {[%clk 0:01:16]} Kb7
{[%clk 0:15:14]} 68. Rb8+ {[%clk 0:01:43]} Kxb8 {[%clk 0:15:05]} 69. Qxc6
{[%clk 0:02:02]} Bb7 {[%clk 0:15:14]} 70. Bf4+ Ka7 {[%clk 0:15:38]} 71. Qc5+
{[%clk 0:02:20]} Ka8 {[%clk 0:15:59]} 72. Qd6 {[%clk 0:02:20]} Qg8
{[%clk 0:16:24]} 73. h5 {[%clk 0:02:40]} Qe8 74. Qb8+ 1-0

[Event "Team men PL final"]
[Site "Sochi"]
[Date "2018.05.09"]
[Round "8.29"]
[White "Pogorelskikh, Sergey"]
[Black "Bologan, Victor"]
[Result "0-1"]
[BlackElo "2610"]
[WhiteElo "2142"]
[LiveChessVersion "1.4.8"]

1. e4 {[%clk 1:30:55]} c5 {[%clk 1:30:46]} 2. Nf3 {[%clk 1:31:18]} e6
{[%clk 1:31:11]} 3. d4 {[%clk 1:31:42]} cxd4 {[%clk 1:31:36]} 4. Nxd4
{[%clk 1:32:09]} a6 {[%clk 1:31:20]} 5. Bd3 {[%clk 1:32:26]} g6 {[%clk 1:31:35]}
6. c4 {[%clk 1:28:16]} Bg7 {[%clk 1:31:50]} 7. Nf3 {[%clk 1:28:25]} Nf6
{[%clk 1:26:23]} 8. Nc3 {[%clk 1:25:00]} O-O {[%clk 1:24:49]} 9. O-O
{[%clk 1:25:15]} Qc7 {[%clk 1:24:39]} 10. Re1 {[%clk 1:22:58]} Nc6
{[%clk 1:24:14]} 11. Bf1 {[%clk 1:22:16]} b6 {[%clk 1:20:38]} 12. Bg5
{[%clk 1:15:38]} h6 {[%clk 1:19:04]} 13. Bh4 {[%clk 1:12:18]} Nh5
{[%clk 1:18:41]} 14. Rc1 {[%clk 1:11:31]} g5 {[%clk 1:17:03]} 15. Nd2
{[%clk 1:10:21]} Nf4 {[%clk 1:14:15]} 16. Bg3 {[%clk 1:10:38]} Ne5
{[%clk 1:14:19]} 17. h4 {[%clk 0:50:42]} Bb7 {[%clk 1:11:24]} 18. hxg5
{[%clk 0:48:50]} hxg5 {[%clk 1:11:47]} 19. Nf3 {[%clk 0:46:27]} Nxf3+
{[%clk 1:09:39]} 20. Qxf3 {[%clk 0:45:30]} f5 {[%clk 1:05:33]} 21. Bxf4
{[%clk 0:44:51]} gxf4 {[%clk 1:05:56]} 22. Bd3 {[%clk 0:44:52]} Rf6
{[%clk 1:05:04]} 23. Kf1 {[%clk 0:37:03]} Rh6 {[%clk 1:00:49]} 24. Ke2
{[%clk 0:35:42]} b5 {[%clk 0:40:22]} 25. Rh1 {[%clk 0:29:23]} Rxh1
{[%clk 0:31:27]} 26. Rxh1 {[%clk 0:29:46]} b4 {[%clk 0:31:04]} 27. Nd5
{[%clk 0:19:09]} exd5 {[%clk 0:31:00]} 28. Qh5 {[%clk 0:19:29]} Qe5
{[%clk 0:21:37]} 29. Qh7+ {[%clk 0:19:04]} Kf7 {[%clk 0:19:25]} 30. Rh5
{[%clk 0:19:20]} Qxb2+ {[%clk 0:18:52]} 31. Kd1 {[%clk 0:12:44]} Qa1+
{[%clk 0:19:10]} 32. Ke2 {[%clk 0:11:47]} Qxa2+ {[%clk 0:19:28]} 33. Kd1
{[%clk 0:11:58]} Qa1+ {[%clk 0:19:42]} 34. Ke2 {[%clk 0:12:14]} Qb2+
{[%clk 0:16:51]} 35. Kd1 {[%clk 0:11:58]} fxe4 {[%clk 0:16:17]} 36. Rf5+
{[%clk 0:10:29]} Ke7 {[%clk 0:15:57]} 37. Rg5 {[%clk 0:08:34]} Qa1+
{[%clk 0:15:54]} 0-1

[Event "Team men PL final"]
[Site "Sochi"]
[Date "2018.05.09"]
[Round "8.30"]
[White "Lysyj, Igor"]
[Black "Vdovin, Maxim"]
[Result "1/2-1/2"]
[BlackElo "2139"]
[WhiteElo "2630"]
[LiveChessVersion "1.4.8"]

1. Nf3 {[%clk 1:30:56]} Nf6 {[%clk 1:30:54]} 2. c4 {[%clk 1:31:18]} b6
{[%clk 1:31:03]} 3. g3 {[%clk 1:31:18]} Bb7 {[%clk 1:31:28]} 4. Bg2
{[%clk 1:31:32]} e6 {[%clk 1:31:48]} 5. O-O {[%clk 1:31:40]} Be7 {[%clk 1:32:08]}
6. b3 {[%clk 1:32:02]} c5 {[%clk 1:29:33]} 7. Bb2 {[%clk 1:32:00]} O-O
{[%clk 1:29:53]} 8. e3 {[%clk 1:31:14]} d5 {[%clk 1:27:54]} 9. Nc3
{[%clk 1:31:00]} Nc6 {[%clk 1:27:28]} 10. cxd5 {[%clk 1:31:22]} Nxd5
{[%clk 1:25:41]} 11. Nxd5 {[%clk 1:30:24]} exd5 {[%clk 1:26:04]} 12. d4
{[%clk 1:30:47]} Bf6 {[%clk 1:25:56]} 13. Qd2 {[%clk 1:28:36]} cxd4
{[%clk 1:17:35]} 14. Nxd4 {[%clk 1:28:52]} Nxd4 {[%clk 1:18:01]} 15. Bxd4
{[%clk 1:29:17]} Bxd4 {[%clk 1:17:51]} 16. Qxd4 {[%clk 1:29:41]} Qg5
{[%clk 1:07:59]} 17. Rfd1 {[%clk 1:27:54]} Rfd8 {[%clk 1:04:41]} 18. Rac1
{[%clk 1:23:58]} Rac8 {[%clk 1:00:58]} 19. Rxc8 {[%clk 1:22:08]} Rxc8
{[%clk 1:01:21]} 20. Bxd5 {[%clk 1:15:36]} Bxd5 {[%clk 1:01:43]} 21. Qxd5
{[%clk 1:16:02]} Qxd5 {[%clk 1:02:07]} 22. Rxd5 {[%clk 1:16:29]} Kf8
{[%clk 0:56:03]} 23. Rd7 {[%clk 1:15:41]} a5 {[%clk 0:56:16]} 24. Rb7
{[%clk 1:15:18]} Rc6 {[%clk 0:55:28]} 25. Kg2 {[%clk 1:14:10]} h5
{[%clk 0:55:18]} 26. h3 {[%clk 1:14:31]} g6 {[%clk 0:54:24]} 27. a4
{[%clk 1:12:44]} Kg7 {[%clk 0:53:55]} 28. g4 {[%clk 1:11:02]} hxg4
{[%clk 0:53:43]} 29. hxg4 {[%clk 1:10:45]} Kf6 {[%clk 0:53:55]} 30. Kf3
{[%clk 1:10:12]} Ke6 {[%clk 0:46:04]} 31. Ke4 {[%clk 1:08:56]} Rd6
{[%clk 0:44:01]} 32. g5 {[%clk 1:08:40]} f6 {[%clk 0:35:50]} 33. gxf6
{[%clk 1:08:24]} Kxf6 {[%clk 0:36:15]} 34. f4 {[%clk 1:04:13]} Ke6
{[%clk 0:35:56]} 35. Rc7 {[%clk 1:04:24]} Kf6 {[%clk 0:35:38]} 36. Rc3
{[%clk 1:00:26]} Ke6 {[%clk 0:28:09]} 37. Kf3 {[%clk 0:59:50]} Kd7
{[%clk 0:25:40]} 38. e4 {[%clk 0:56:20]} Rd4 {[%clk 0:24:46]} 39. e5
{[%clk 0:54:37]} Rb4 {[%clk 0:18:55]} 40. Kg4 {[%clk 1:24:49]} Ke7
{[%clk 0:49:07]} 41. Kg5 {[%clk 1:24:52]} Kf7 {[%clk 0:49:20]} 42. Rc7+
{[%clk 1:23:48]} Ke8 {[%clk 0:49:45]} 43. Rc6 {[%clk 1:23:55]} Rxb3
{[%clk 0:48:53]} 44. Kxg6 {[%clk 1:23:50]} b5 {[%clk 0:47:03]} 45. axb5
{[%clk 1:23:58]} Rxb5 {[%clk 0:47:27]} 46. Kf6 {[%clk 1:23:48]} a4
{[%clk 0:37:55]} 47. Ra6 {[%clk 1:24:29]} Rb4 {[%clk 0:38:09]} 48. f5
{[%clk 1:24:46]} Rh4 49. e6 {[%clk 1:25:09]} Rh6+ {[%clk 0:38:25]} 50. Ke5
{[%clk 1:25:35]} Rh4 51. Ra8+ 1/2-1/2